Statistieken voor Raad het Liedje nr.3

Klik hier om de quiz te nemen!

Algemene statistieken

  • Deze quiz is 78 keer genomen
  • De gemiddelde score is 255 van 499

Antwoordstatistieken

Antwoord% Correct
ik
98%
"Ik
98%
Ik
98%
de
90%
een
86%
het
86%
ben
76%
jij
76%
"Jij
76%
Jij
76%
is
71%
We
71%
we
71%
zij
71%
Je
69%
je
69%
jou
69%
mij)
69%
mij
69%
me
67%
ze
67%
Ze
67%
nee
65%
zo
65%
en
63%
heb
63%
Voor
63%
voor
63%
Al
61%
al
61%
lief,
61%
haar
59%
op
59%
Wil
57%
wil
57%
maar
55%
Maar
55%
van,
55%
van
55%
wat
55%
hou
53%
mijn
53%
m'n
53%
weet
53%
in
51%
of
51%
te
51%
verliefd"
49%
waar
49%
met
47%
naar
47%
niet
47%
hart
45%
acht,
43%
als
43%
mee
43%
mee,
43%
mee-ee-ee-ee-eee
43%
mee-ee-ee-ee-ee-eee
43%
Neem
43%
neem
43%
Parijs
43%
was
43%
dat
41%
geen
41%
klas
41%
Zeg
41%
zei
41%
alleen
39%
bent
39%
laat
39%
reis
39%
samen
39%
samen,
39%
want
39%
Want
39%
ware
39%
wel
39%
aan
37%
dan
37%
dan,
37%
Denk
37%
denk
37%
Naast
37%
waren
37%
Bas
35%
dame
35%
lang
35%
lijk
35%
pas
35%
Rome
35%
Tien
35%
zat
35%
bedoel
33%
dit
33%
heel
33%
huis
33%
Mark
33%
misschien
33%
nu
33%
vind
33%
vroeg
33%
Willem,
33%
keek
31%
muziek
31%
muziek,
31%
staren,
31%
staren
31%
Staren
31%
terug:
31%
zien
31%
die
29%
Doe
29%
jaren
29%
jongetje,
29%
Niemand
29%
Thomas
29%
waarom
29%
wereld
29%
Zit
29%
achterom
27%
bezig
27%
briefjes
27%
cool,
27%
Denkt
27%
denkt
27%
gevoelens
27%
klinkt
27%
kon
27%
later
27%
stuurde
27%
twee
27%
uit
27%
voel
27%
voorin,
27%
wolk
27%
dus
25%
Hond
25%
stil
25%
word
25%
zeker,
25%
bank
24%
bios
24%
blijf
24%
eten
24%
nou
24%
ons
24%
Terwijl
24%
wachten
24%
Wist
24%
daten
22%
geld
22%
Gers
22%
kater,
22%
tuin
22%
water
22%
werk
22%
fans,
20%
kids,
20%
merk
20%
praat
20%
(praat
20%
erg,
16%
hard
16%
opbouwen
16%
Soms
16%
doordat
14%
Gerwin
14%
shoppen
14%
toekomst
14%
druk",
12%

Scoreverdeling

Percentiel versus Aantal Correcte Antwoorden

Procent van Mensen met Elke Score

Uw Scoregeschiedenis

U heeft deze quiz nog niet genomen